| 000 | 00433nam a2200121Ia 4500 | ||
|---|---|---|---|
| 008 | 170224s9999 xx 000 0 und d | ||
| 245 | _a“Does reading a single passage of literary fiction really improve theory of mind? An attempt at replication”: Correction to Panero et al. (2016). | ||
| 260 | _bJournal of Personality and Social Psychology | ||
| 260 | _c2016 | ||
| 300 | _a111:5 | ||
| 500 | _aNovember | ||
| 650 | _xPsychology. | ||
| 999 |
_c316329 _d316329 |
||